LEADER 00969nam a2200229 i 4500 001 000000154091 003 CaOOAMICUS 005 20240112145801.0 008 070219s2004 it u000 u ita u 040 $aSeMil$bita 100 1 $aPieroni, Vittorio,$d<1971- >.$0(OLS)http://semarc/name/56118 245 10$a[Fossili nel Varesotto: i reperti della Rasa di Varese /$cVittorio Pieroni]. 264 1$a[Varese :$bs.n.],$c2004. 300 $aP. 59-74 :$bill. ;$c30 cm. 500 $aEstratto da : Lombardia Nord-Ovest n. 3/2004. 650 4$aVarese - Rasa di Varese - Paleontologia.$0(OLS)http://semarc/subject/54717 850 $aSeMil 852 $aSeMil$W1$xVenegono$y1$m5C XI 4/23$j105954$B105954$CSeMilBibl$Z2$F120363 $81 961 $aRecupero: Altro 996 $6245$a[Fossili nel Varesotto: i reperti della Rasa di Varese$9(OLS)http://semarc/title/225473 996 $6264$a[Varese :$bs.n.]$9(OLS)http://semarc/publisher/48016 LEADER 01376nam a2200289 i 4500 001 000000110970 003 CaOOAMICUS 005 20190410172134.0 008 021227s1978 it aaaa u000 u ita u 013 $a83651 040 $aSeMil$bita 100 1 $aAndreoli, Vittorino,$d<1940- >.$0(OLS)http://semarc/name/3255 245 13$aIl ciclo della droga :$bmorfina, eroina, methadone : aspetti medici e giuridici /$cdi Vittorino Andreoli, Filippo Maffei e Giovanni Tamburino. 264 1$aMilano :$bEdizioni scientifiche e tecniche Mondadori,$c1978. 300 $a271 p. :$bill. ;$c21 cm. 490 1 $aBiblioteca della EST 650 4$aDroghe.$0(OLS)http://semarc/subject/7149 650 4$aDroga.$0(OLS)http://semarc/subject/34708 700 1 $aMaffei, Filippo.$0(OLS)http://semarc/name/46505 700 1 $aTamburino, Giovanni.$0(OLS)http://semarc/name/46506 830 0$aBiblioteca della EST.$0(OLS)http://semarc/title/6845 850 $aSeMil 852 $aSeMil$W1$xVenegono$y1$m3X III 122$j213199$B66816$CSeMilBibl$Z2$F73567 $81 961 $aRecupero: Biblioteca Seminario Liceale 996 $6245$aIl ciclo della droga : $bmorfina, eroina, methadone : aspetti medici e giuridici$9(OLS)http://semarc/title/419105 996 $6264$aMilano :$bEdizioni scientifiche e tecniche Mondadori$9(OLS)http://semarc/publisher/33994